000 00291nam a22001337a 4500
008 181025b xxu||||| |||| 00| 0 eng d
020 _a9781408258248
041 _aeng
080 _a321
100 _a22
101 _aPOL
245 _aPolitics South Africa
_cDeegan.H
942 _2udc
_cBK
999 _c50938
_d50938